1447 1516 1138 1091 1734 1313 1071 1048 1988 1132 1425 1221 1797 1794 1256 1040 1953 1898 1707 1390 1986 1672 1131 1103 1355 1785 1405 1528 1295 1100 1810 1254 1697 1854 1141 1843 1947 1185 1235 1197 1524 1371 1988 1130 1221 1834 1371 1794 1240 1470 1891 1509 1828 1916 1983 1653 1095 1435 1924 1365 1797 1175 1287 1235 1616 1910 1019 1343 1112 1910 1372 1602 1586 1549 1602 1654 1113 1567 1797 1929 1509 1920 1257 1375 1522 1465 1847 1361 1103 1943 1825 1104 1424 1339 1474 1634 1106 1511 1817 BCNSPRNW ULIB Ver.6.0+V

เปลี่ยนเป็นภาษาไทย

Change to English
 แสดงรายละเอียดบรรณานุกรม
  กลับหน้าหลัก

Brief Record : Get Marc (ISO 2709) : E-mail record : QR code < ปิดหน้าต่าง
LEADER : 00000nam 2200000uu 4500
001    13399128270
003     ULIB
008    220829s2564||||th 000 0 tha d
020    ^a9786160041756
050    ^aนว.^bม576จ
100  0 ^aมิณรญา
245  1 ^aจวบจนรักบรรจบ /^cมิณรญา
250    ^aพิมพ์ครั้งที่ 1
260    ^aกรุงเทพฯ :^bพิมพ์คำ,^c2564
300    ^a468 หน้า
650    ^aนวนิยายไทย
945    ^p320^l0^i29468
999    ^aกัณชพร จุลอักษร
รายการนี้ยังไม่มีแท็ก
คุณยังไม่ได้ล็อกอิน คุณสามารถมีกิจกรรมร่วมกับเว็บไซต์ได้ แต่ต้องล็อกอินก่อน ::
  ล็อกอิน

รายการสื่อสารสนเทศ

ลำดับที่ ประเภท เลขเรียก/บาร์โค้ด สถานที่ สถานะ
1. วิทยาศาสตร์การแพทย์ และสุขภาพ
วิทยาศาสตร์การแพทย์ และสุขภาพ
นว. ม576จ ฉ.1 
  Barcode: 29468
ห้องสมุดวิทยาเขตนครสวรรค์
►นวนิยาย:l:Fiction
บนชั้น

รายการใกล้เคียง
    ผู้แต่ง [มิณรญา]

    หัวเรื่อง [นวนิยายไทย]

BibComment


ยังไม่เคยถูกคอมเมนท์

คอมเมนท์ทรัพยากรรายการนี้
  คอมเมนท์: จวบจนรักบรรจบ ม..


 Copyright 2026. Bcnsprnw @Library